00374nam a2200145Ia 4500008004100000020001500041041001200056082001600068100001600084245005500100260003600155300000800191650001600199700001300215221030s9999 xx 000 0 und d a8173172153 aEnglish a105.23bsIN aV. P. Singh 0aLearn Yourself Photoshopcby V. P. Singh, M. Singh bAsia Pub HouseaNew Delhic2000 a256 aBE Computer aM. Singh